Estrategia competitiva. Técnicas para el análisis de los sectores industriales y de la competencia

Збережено в:
Бібліографічні деталі
Автор: Porter, Michael E. (autor)
Інші автори: Vasseur Walls, Alfonso (traductor)
Формат: Книга
Мова:Англійська
Іспанська
Опубліковано: México, Ciudad de México Editorial Continental S.A 1982
Редагування:Primera edición en español de la primera edición en inglés
Предмети:
Теги: Додати тег
Немає тегів, Будьте першим, хто поставить тег для цього запису!

MARC

LEADER 00000nam a22000007a 4500
003 CL-VaPUC
005 20210825103807.0
008 210629b ||||| |||| 00| 0 eng d
999 |c 433267  |d 433265 
020 |a 9682603498 
040 |c Pontificia Universidad Católica de Valparaíso 
041 0 |a spa 
082 0 4 |2 21  |a 658.8 POR 1982 
100 1 |a Porter, Michael E.  |e autor  |9 861953 
245 1 0 |a Estrategia competitiva.  |b  Técnicas para el análisis de los sectores industriales y de la competencia 
250 |a Primera edición en español de la primera edición en inglés 
260 3 |a México, Ciudad de México  |b Editorial Continental S.A  |c 1982 
300 |a 407 páginas 
500 |a Donación familia profesor Sergio Soto Silva. Escuela de Mecánica. 
583 |c 20210629  |k Daniel Castañeda 
650 0 0 |a Administración de empresas  |x Análisis de mercado  |9 861954 
650 0 0 |a Administración industrial  |9 259466  |x Marketing  |x Planificación estratégica 
700 1 |a Vasseur Walls, Alfonso  |e traductor  |9 861955 
942 |2 ddc  |c BK 
952 |0 0  |1 0  |2 ddc  |4 0  |6 658_800000000000000_POR_1982  |7 0  |9 578331  |a BIBMEC  |b BIBMEC  |d 2021-06-29  |i 5622484  |l 1  |o 658.8 POR 1982  |p 5622484  |r 2024-01-19  |s 2022-03-02  |t 1  |w 2021-06-29  |y BK  |k MEC